Catalogue of the late Lord Northwick's extensive and magnificent collection of ancient and modern pictures (Record no. 114377)
[ view plain ]
| 000 -LEADER | |
|---|---|
| fixed length control field | 01242cam a22002055a 4500 |
| 001 - CONTROL NUMBER | |
| control field | L156709 |
| 008 - FIXED-LENGTH DATA ELEMENTS--GENERAL INFORMATION | |
| fixed length control field | 120627s1859 xxk f 000 0 eng d |
| 035 ## - SYSTEM CONTROL NUMBER | |
| System control number | (Sirsi) u156709 |
| 041 0# - LANGUAGE CODE | |
| Language code of text/sound track or separate title | eng |
| 240 ## - UNIFORM TITLE | |
| Uniform title | Northwick Gallery, Cheltenham |
| 245 00 - TITLE STATEMENT | |
| Title | Catalogue of the late Lord Northwick's extensive and magnificent collection of ancient and modern pictures |
| Remainder of title | cabinet of miniatures and enamels, and other works of art, and the furniture, plate, wines, and effects, at Thirlestane House, Cheltenham. Which will be sold by auction by Mr. Phillips at the Mansion, on Tuesday, the 26th of July, 1859, and twenty-one subsequent days, commencing at one c'clock precisely each day, by direction of the administrator. May be viewed on and after Friday, the 15th of July, by catalogues only, at five shillings each, to admit three persons, to be obtained at the lodge of the Mansion; ... |
| 260 ## - PUBLICATION, DISTRIBUTION, ETC. | |
| Place of publication, distribution, etc. | [London] |
| Name of publisher, distributor, etc. | J. Davy & Sons, printers |
| Date of publication, distribution, etc. | [1859] |
| 300 ## - PHYSICAL DESCRIPTION | |
| Extent | iv, 200 p., plate |
| Dimensions | 8o |
| 520 ## - SUMMARY, ETC. | |
| Summary, etc. | Cover title: The Northwick Gallery, Cheltenham. |
| 583 ## - ACTION NOTE | |
| Action | Condition reviewed |
| Time/date of action | 20120620 |
| Status | condition level 3 |
| 651 #4 - SUBJECT ADDED ENTRY--GEOGRAPHIC NAME | |
| Geographic name | Great Britain |
| Chronological subdivision | 1707- |
| 690 ## - LOCAL SUBJECT ADDED ENTRY--TOPICAL TERM (OCLC, RLIN) | |
| Topical term or geographic name as entry element | Art and antiques |
| 700 1# - ADDED ENTRY--PERSONAL NAME | |
| Personal name | Northwick, John Rushout |
| Titles and other words associated with a name | Baron |
| Dates associated with a name | 1770-1859 |
| 942 ## - ADDED ENTRY ELEMENTS (KOHA) | |
| Suppress in OPAC | 0 |
| Withdrawn status | Lost status | Damaged status | Not for loan | Home library | Current library | Shelving location | Date acquired | Total Checkouts | Full call number | Barcode | Date last seen | Copy number | Price effective from | Koha item type |
|---|---|---|---|---|---|---|---|---|---|---|---|---|---|---|
| Historic collection | Historic collection | Historic collection | 27/06/2012 | REGIONAL QUARTO 1859 NORTHWICK | 30078243 | 26/08/2025 | 1 | 06/08/2019 | Book |